| 000 | 00711nam a22002177a 4500 | ||
|---|---|---|---|
| 005 | 20240530110956.0 | ||
| 008 | 220126b2006 ua g 000 0 ara d | ||
| 020 | _a9771804464 | ||
| 040 |
_aEG-CaGPL _cEG-CaGPL |
||
| 082 | 0 | 4 |
_221 _a811.9 / _bف م |
| 100 | 0 | _aفاروق شوشة | |
| 245 | 1 | 2 |
_aمختارات شعرية / _cفاروق شوشة . |
| 250 | _aط1 | ||
| 260 |
_aالقاهرة : _bمطبعة دار الكتب و الوثائق القومية بالقاهرة ، _c2006. |
||
| 300 |
_a135 ص؛ _c24 سم. |
||
| 650 | 0 | 7 |
_2qrmak _aالادب العربى |
| 650 | 0 | 7 |
_2qrmak _aفاروق شوشة |
| 651 | _2qrmak | ||
| 942 |
_2ddc _cBK |
||
| 999 |
_c67097 _d67097 |
||